Načítá se...

Pharmacognosy of ayurvedic drugs

Podrobná bibliografie
Hlavní autor: Narayana Ayyar
Médium: Printed Book
Jazyk:Undetermined
English
Vydáno: Thiruvananthapuram University of Kerala 1966
Témata:
LEADER 02809nam a2200349Ia 4500
008 140306s9999 xx 000 0 und d
041 |a eng 
082 |a 581.6  |b NAR/PH 
100 |a Narayana Ayyar 
245 |a Pharmacognosy of ayurvedic drugs 
260 |a Thiruvananthapuram  |b University of Kerala  |c 1966 
300 |a 133 
365 |b Rs .10 .00 
650 |a Economic botany 
650 |a Medicinal Plants 
942 |2 ddc  |c BK 
999 |c 119611  |d 119611 
952 |0 0  |1 0  |2 ddc  |4 0  |6 581_600000000000000_NARPH  |7 0  |9 118751  |a KAUHCV  |b KAUHCV  |d 2002-05-05  |g 10.00  |o 581.6 NAR/PH  |p KAU_HCV-2517  |r 2014-03-22  |w 2014-03-22  |y BK 
952 |0 0  |1 0  |2 ddc  |4 0  |6 581_600000000000000_NARPH  |7 0  |9 118752  |a KAUHCV  |b KAUHCV  |d 2002-05-05  |g 10.00  |o 581.6 NAR/PH  |p KAU_HCV-2518  |r 2014-03-22  |w 2014-03-22  |y BK 
952 |0 0  |1 0  |2 ddc  |4 0  |6 581_600000000000000_NARPH  |7 0  |9 118753  |a KAUHCV  |b KAUHCV  |d 2002-05-05  |g 10.00  |o 581.6 NAR/PH  |p KAU_HCV-2519  |r 2014-03-22  |w 2014-03-22  |y BK 
952 |0 0  |1 0  |2 ddc  |4 0  |6 581_600000000000000_NARPH  |7 0  |9 118754  |a KAUHCV  |b KAUHCV  |d 2002-05-05  |g 10.00  |o 581.6 NAR/PH  |p KAU_HCV-2520  |r 2014-03-22  |w 2014-03-22  |y BK 
952 |0 0  |1 0  |2 ddc  |4 0  |6 581_600000000000000_NARPH  |7 0  |9 118755  |a KAUHCV  |b KAUHCV  |d 2002-05-05  |g 10.00  |o 581.6 NAR/PH  |p KAU_HCV-2521  |r 2014-03-22  |w 2014-03-22  |y BK 
952 |0 0  |1 0  |2 ddc  |4 0  |6 581_600000000000000_NARPH  |7 0  |9 118756  |a KAUHCV  |b KAUHCV  |d 2002-05-05  |g 10.00  |o 581.6 NAR/PH  |p KAU_HCV-2522  |r 2014-03-22  |w 2014-03-22  |y BK 
952 |0 0  |1 0  |2 ddc  |4 0  |6 581_600000000000000_NARPH  |7 0  |9 118757  |a KAUHCV  |b KAUHCV  |d 2002-05-05  |g 10.00  |o 581.6 NAR/PH  |p KAU_HCV-2523  |r 2014-03-22  |w 2014-03-22  |y BK 
952 |0 0  |1 0  |2 ddc  |4 0  |6 581_600000000000000_NARPH  |7 0  |9 118758  |a KAUHCV  |b KAUHCV  |d 2002-05-05  |g 10.00  |o 581.6 NAR/PH  |p KAU_HCV-2524  |r 2014-03-22  |w 2014-03-22  |y BK 
952 |0 0  |1 0  |2 ddc  |4 0  |6 581_600000000000000_NARPH  |7 0  |9 118759  |a KAUHCV  |b KAUHCV  |d 2002-05-05  |g 10.00  |o 581.6 NAR/PH  |p KAU_HCV-2525  |r 2014-03-22  |w 2014-03-22  |y BK 
952 |0 0  |1 0  |2 ddc  |4 0  |6 581_600000000000000_NARPH  |7 0  |9 118760  |a KAUHCV  |b KAUHCV  |d 2002-05-05  |g 10.00  |o 581.6 NAR/PH  |p KAU_HCV-2526  |r 2014-03-22  |w 2014-03-22  |y BK 
952 |0 0  |1 0  |2 ddc  |4 0  |6 581_600000000000000_NARPH  |7 0  |9 118761  |a KAUHCV  |b KAUHCV  |d 2002-05-05  |g 10.00  |o 581.6 NAR/PH  |p KAU_HCV-2527  |r 2014-03-22  |w 2014-03-22  |y BK 
952 |0 0  |1 0  |2 ddc  |4 0  |6 581_600000000000000_NARPH  |7 0  |9 118762  |a KAUHCV  |b KAUHCV  |d 2002-05-05  |g 10.00  |o 581.6 NAR/PH  |p KAU_HCV-2528  |r 2014-03-22  |w 2014-03-22  |y BK 
952 |0 0  |1 0  |2 ddc  |4 0  |6 581_600000000000000_NARPH  |7 0  |9 118763  |a KAUHCV  |b KAUHCV  |d 2002-05-05  |g 10.00  |o 581.6 NAR/PH  |p KAU_HCV-2529  |r 2014-03-22  |w 2014-03-22  |y BK 
952 |0 0  |1 0  |2 ddc  |4 0  |6 581_600000000000000_NARPH  |7 0  |9 118764  |a KAUHCV  |b KAUHCV  |d 2002-05-05  |g 10.00  |o 581.6 NAR/PH  |p KAU_HCV-2530  |r 2014-03-22  |w 2014-03-22  |y BK 
952 |0 0  |1 0  |2 ddc  |4 0  |6 581_600000000000000_NARPH  |7 0  |9 118765  |a KAUHCV  |b KAUHCV  |d 2002-05-05  |g 10.00  |o 581.6 NAR/PH  |p KAU_HCV-2531  |r 2014-03-22  |w 2014-03-22  |y BK